|
|
|
|
| LEADER |
00000ny a22000003n 4500 |
| 005 |
20110509152211.0 |
| 008 |
070808c20uu9999sp mr p 0uuub0spa d |
| 035 |
|
|
|a 130
|
| 040 |
|
|
|a BUAL
|d vlex
|
| 080 |
|
|
|a 34(05)
|
| 090 |
|
|
|c 1484
|d 1484
|
| 245 |
0 |
0 |
|a Revista del Colegio de Abogados de Lleida
|h [Recurso electrn̤ico]
|
| 256 |
|
|
|a Servicio en ln̕ea
|
| 260 |
|
|
|a Barcelona :
|b Vlex
|
| 310 |
|
|
|a Mensual
|
| 506 |
1 |
|
|a Contenido solo disponible en los productos indicados
|d vLex Global
|d vLex Global (Academic Edition, excluding Law Schools)
|d vLex Global (U.S. Academic Edition, Law Schools)
|d vLex Global (U.S. Academic Edition, excluding Law Schools)
|d vLex Global (Academic Edition, Law Schools)
|
| 650 |
0 |
7 |
|a Abogado
|2 Tesauro vLex
|
| 650 |
0 |
7 |
|a Civil
|2 Tesauro vLex
|
| 650 |
0 |
7 |
|a Colegios profesionales
|2 Tesauro vLex
|
| 710 |
2 |
|
|a Colegio de Abogados de Lřida
|
| 740 |
0 |
|
|a vLex Revista (Servicios en ln̕ea)
|
| 843 |
|
|
|a Electrn̤ica. Abierta
|
| 853 |
|
|
|8 1
|i (year)
|j (month)
|k (day)
|
| 856 |
4 |
0 |
|u http://vlex.com/source/130
|z Acceso restringido
|
| 942 |
|
|
|c REV
|